000 00308nam a2200121Ia 4500
008 190216s9999||||xx |||||||||||||| ||und||
100 _aAlbert Paul Malvino
245 0 _aElectronic Principles
260 _bTata Mcgraw Hill Publishing Company Ltd
_c1996
300 _a1018
650 _aPhysics
942 _cBK
999 _c34228
_d34228